Unpunishable - Ethel Cain (Lyrics) - Statistics

General Stats
  • This quiz has been taken 8 times
  • The average score is 192 of 220
Answer Stats
Answer % Correct
a
100%
and
100%
even
100%
i
100%
i'm
100%
know
100%
oh
100%
unpunishable
100%
you
100%
abused
86%
afraid
86%
alone
86%
angel
86%
are
86%
ask
86%
babe?"
86%
babe
86%
baby
86%
bad
86%
be
86%
better
86%
blue
86%
call
86%
convocation
86%
dark
86%
darker
86%
dirty
86%
don't
86%
down
86%
drifting
86%
enough
86%
envy
86%
favorite
86%
for
86%
fruit
86%
fuck
86%
fucking
86%
giving
86%
go
86%
good
86%
he
86%
he's
86%
him
86%
his
86%
"how
86%
how
86%
hurts
86%
if
86%
i'll
86%
in
86%
it
86%
it's
86%
just
86%
lick
86%
makes
86%
me
86%
mean
86%
meaner
86%
more
86%
my
86%
nasty
86%
need
86%
needs
86%
never
86%
not
86%
of
86%
okay
86%
on
86%
or
86%
out
86%
over
86%
"party's
86%
red
86%
right
86%
room
86%
say
86%
says
86%
screaming
86%
show
86%
sight
86%
slut
86%
so
86%
still
86%
sucking
86%
sweeter
86%
swollen
86%
teeth
86%
that
86%
the
86%
to
86%
top
86%
up
86%
used
86%
want
86%
wants
86%
way"
86%
what
86%
where
86%
who
86%
with
86%
yeah
86%
"you're
86%
bar
71%
faces
71%
is
71%
light
71%
now?
71%
numb
71%
too
71%
we
71%
whose
71%
yours
71%
sacrificial
57%
gome"
29%
No matching quizzes found
Score Distribution
Percent of People with Each Score
Percentile by Number Answered
Your Score History
You have not taken this quiz